WWE Divas Champions - Statistics

General Stats
  • This quiz has been taken 2,575 times
  • The average score is 10 of 16
Answer Stats
Rank Answer No. of Reigns Combined days % Correct
1 AJ Lee 3 406
92%
14 Nikki Bella 2 68+
88%
- Brie Bella 1 70
83%
8 Paige 2 119
77%
4 Michelle McCool 2 218
71%
12 Natalya 1 70
67%
7 Layla 1 140
66%
5 Beth Phoenix 1 204
62%
10 Kelly Kelly 1 104
62%
15 Alicia Fox 1 56
57%
11 Mickie James 1 78
54%
2 Maryse 2 265
53%
3 Eve Torres 3 260
52%
- Melina 2 119
52%
6 Kaitlyn 1 153
43%
16 Jillian Hall 1 <1
34%
No matching quizzes found
Score Distribution
Percent of People with Each Score
Percentile by Number Answered
Your Score History
You have not taken this quiz